Předmety dlouhodobé spotřeby v československých domácnostech v roce 1982
Guardado en:
| Autor principal: | |
|---|---|
| Otros Autores: | |
| Formato: | Libro |
| Lenguaje: | checo |
| Publicado: |
Praha
Výzkumný ústav obch.
1984
|
| Colección: | Knižnice VUO
č. 179 |
| Etiquetas: |
Sin Etiquetas, Sea el primero en etiquetar este registro!
|
MARC
| LEADER | 00000nam a2200000 4500 | ||
|---|---|---|---|
| 001 | c106500 | ||
| 005 | 20221207070433.6 | ||
| 041 | 0 | |a cze | |
| 044 | |a CZ | ||
| 245 | 1 | 0 | |a Předmety dlouhodobé spotřeby v československých domácnostech v roce 1982 |c Vlasta Štěpová, Eva Turková |
| 264 | 1 | |a Praha |b Výzkumný ústav obch. |c 1984 | |
| 300 | |a 15 s. | ||
| 490 | 1 | |a Knižnice VUO |v č. 179 | |
| 830 | 0 | |a Knižnice VUO |v č. 179 | |
| 100 | 1 | |a Štěpová, Vlasta | |
| 700 | 1 | |a Turková, Eva | |